ბათუმის შოთა რუსთაველის სახელმწიფო უნივერსიტეტის ბიბლიოთეკა

Functional equations and how to solve them / (ბიბ.ჩანაწერი № 35568)

000 -LEADER
fixed length control field 00850cam a22002297a 4500
001 - CONTROL NUMBER
control field 14425953
005 - DATE AND TIME OF LATEST TRANSACTION
control field 20221115104253.0
008 - FIXED-LENGTH DATA ELEMENTS--GENERAL INFORMATION
fixed length control field 060623s2007 enka b 001 0 eng d
020 ## - INTERNATIONAL STANDARD BOOK NUMBER
International Standard Book Number 9780387345345x
041 ## - LANGUAGE CODE
Language code of text/sound track or separate title eng
080 ## - UNIVERSAL DECIMAL CLASSIFICATION NUMBER
Universal Decimal Classification number 517 S-68
100 1# - MAIN ENTRY--PERSONAL NAME
Personal name Small, Christopher G.
9 (RLIN) 696
245 10 - TITLE STATEMENT
Title Functional equations and how to solve them /
Statement of responsibility, etc. Christopher G. Small.
264 ## - PRODUCTION, PUBLICATION, DISTRIBUTION, MANUFACTURE, AND COPYRIGHT NOTICE
Place of production, publication, distribution, manufacture New York, NY :
Name of producer, publisher, distributor, manufacturer Springer,
Date of production, publication, distribution, manufacture, or copyright notice 2007.
300 ## - PHYSICAL DESCRIPTION
Extent 129 p. :
Other physical details ill. ;
Dimensions 24 cm.
650 #0 - SUBJECT ADDED ENTRY--TOPICAL TERM
Topical term or geographic name entry element Functional equations.
9 (RLIN) 698
653 ## - INDEX TERM--UNCONTROLLED
keyword მათემატიკა
653 ## - INDEX TERM--UNCONTROLLED
keyword ფუნქციური განტოლებები
856 42 - ELECTRONIC LOCATION AND ACCESS
Materials specified Publisher description
Uniform Resource Identifier http://www.loc.gov/catdir/enhancements/fy0825/2006929872-d.html
856 41 - ELECTRONIC LOCATION AND ACCESS
Materials specified Table of contents only
Uniform Resource Identifier http://www.loc.gov/catdir/enhancements/fy0825/2006929872-t.html
942 ## - ADDED ENTRY ELEMENTS (KOHA)
Source of classification or shelving scheme
Koha item type წიგნი
ეგზემპლარები
Withdrawn status Lost status Source of classification or shelving scheme Damaged status Not for loan Permanent Location Current Location Shelving location Date acquired Cost, normal purchase price Full call number Barcode Date last seen Copy number Price effective from Koha item type Public note
          ბათუმის შოთა რუსთაველის სახელმწიფო უნივერსიტეტის მთავარი ბიბლიოთეკა ბათუმის შოთა რუსთაველის სახელმწიფო უნივერსიტეტის მთავარი ბიბლიოთეკა წიგნსაცავი 2018-12-17 200.00 517 S-68 2603 2018-12-17 2603 2018-12-17 წიგნი 200 ლ.
          ბათუმის შოთა რუსთაველის სახელმწიფო უნივერსიტეტის მთავარი ბიბლიოთეკა ბათუმის შოთა რუსთაველის სახელმწიფო უნივერსიტეტის მთავარი ბიბლიოთეკა წიგნსაცავი 2018-12-17 200.00 517 S-68 4111 2018-12-17 4111 2018-12-17 წიგნი 200 ლ.